[Event "Lansing (MI Op/2/3)"]
[Site "?"]
[Date "1987.??.??"]
[Round "?"]
[White "Levine, H.."]
[Black "Andrews, Steve"]
[Result "0-1"]
[WhiteElo "2065"]
[BlackElo "2245"]
[PlyCount "58"]
[EventDate "1987.??.??"]

{2/(3)} 1. e4 Nf6 2. e5 Nd5 3. d4 d6 4. c4 Nb6 5. f4 dxe5 6. fxe5 Nc6 7. Be3
Bf5 8. Nc3 e6 9. Nf3 Be7 10. d5 Nb4 11. Nd4 Bg6 12. a3 c5 13. axb4 cxd4 14.
Qxd4 Bxb4 15. dxe6 O-O 16. Be2 Bxc3+ 17. Qxc3 fxe6 18. b3 Be4 19. Bxb6 Qxb6 20.
Bf3 Rad8 21. Rd1 Rxd1+ 22. Kxd1 Bxf3+ 23. gxf3 Qf2 24. Qd3 Rxf3 25. Qd8+ Rf8
26. Qd3 Qb2 27. Re1 h6 28. Re2 Rf1+ 29. Re1 Qa1+ 0-1

[Event "Lansing (MI Op/5/37)"]
[Site "?"]
[Date "1987.??.??"]
[Round "?"]
[White "Levadi, David"]
[Black "Thurman, John"]
[Result "1-0"]
[WhiteElo "1810"]
[BlackElo "1795"]
[PlyCount "105"]
[EventDate "1987.??.??"]

{5/(37)} 1. c4 e5 2. Nc3 Nf6 3. g3 c6 4. Bg2 Be7 5. e4 d6 6. Nge2 Be6 7. b3 O-O
8. d4 exd4 9. Nxd4 Qd7 10. Nxe6 Qxe6 11. O-O Na6 12. Bb2 Rad8 13. Re1 Nc7 14.
Qc2 Rfe8 15. Rad1 Bf8 16. Qb1 Nd7 17. Ne2 f6 18. Nd4 Qf7 19. Rd2 Ne5 20. f4 Ng6
21. Red1 Rd7 22. Kh1 Red8 23. Bh3 Re7 24. Bg4 Qe8 25. Bf3 Nh8 26. Nf5 Red7 27.
Ba3 Nf7 28. Bb2 Be7 29. Bd4 Ra8 30. Bc5 Qf8 31. Bg4 Rdd8 32. Ba3 g6 33. Nxe7+
Qxe7 34. Qc2 c5 35. Bb2 Ne8 36. Qd3 Nc7 37. Re2 a6 38. Rde1 b5 39. Qc3 Ne8 40.
Bf3 b4 41. Qc1 Ra7 42. Qe3 Rc7 43. Qf2 Qd7 44. Qg2 Qc8 45. e5 dxe5 46. fxe5
Nxe5 47. Bxe5 fxe5 48. Rxe5 Qd7 49. Bd5+ Kg7 50. Qb2 Kh6 51. Qd2+ Kg7 52. Re6
Nd6 53. Qg5 1-0

[Event "Lansing (MI Op/3/38)"]
[Site "?"]
[Date "1987.??.??"]
[Round "?"]
[White "Levadi, David"]
[Black "Thomas, Henry"]
[Result "0-1"]
[WhiteElo "1810"]
[BlackElo "1690"]
[PlyCount "40"]
[EventDate "1987.??.??"]

{3/(38)} 1. a3 e5 2. e4 Nf6 3. Nc3 Bc5 4. Nf3 Ng4 5. d4 exd4 6. Na4 Be7 7. h3
Nf6 8. e5 Ne4 9. Qxd4 f5 10. Bd3 Nc6 11. Qe3 O-O 12. Bxe4 fxe4 13. Qxe4 d5 14.
Qe2 Bf5 15. O-O Be4 16. Nc3 Bxf3 17. gxf3 Nd4 18. Qd3 Nxf3+ 19. Kh1 c6 20. Qe2
Bd6 0-1

[Event "Hazel Park (MCO/1/38)"]
[Site "?"]
[Date "1987.??.??"]
[Round "?"]
[White "Levadi, David"]
[Black "Jones, D.."]
[Result "0-1"]
[WhiteElo "1800"]
[BlackElo "1605"]
[PlyCount "42"]
[EventDate "1987.??.??"]

{1/(38)} 1. Nf3 d5 2. a3 Nc6 3. b4 e5 4. b5 e4 5. bxc6 exf3 6. cxb7 Bxb7 7.
gxf3 Nf6 8. Bb2 d4 9. c3 c5 10. cxd4 cxd4 11. Qa4+ Nd7 12. Bxd4 Be7 13. Bxg7
Rg8 14. Bd4 Kf8 15. Be3 Rc8 16. Nc3 Bf6 17. Bh6+ Ke8 18. Rc1 Bc6 19. Qxa7 Nb6
20. Be3 Nc4 21. Qd4 Bxd4 0-1

[Event "Hazel Park (MCO/5/9)"]
[Site "?"]
[Date "1987.??.??"]
[Round "?"]
[White "Levadi, David"]
[Black "Johnson, Richard"]
[Result "0-1"]
[WhiteElo "1800"]
[BlackElo "2030"]
[PlyCount "22"]
[EventDate "1987.??.??"]

{5/(9)} 1. Nf3 c5 2. c4 g6 3. g3 Bg7 4. Bg2 Nc6 5. O-O d6 6. Nc3 Nh6 7. d3 Nf5
8. e3 Rb8 9. a3 a6 10. Nd2 Bd7 11. f4 Nxe3 0-1

[Event "Lansing (MI Op/1b/18)"]
[Site "?"]
[Date "1987.??.??"]
[Round "?"]
[White "Levadi, David"]
[Black "Feldstein, R.."]
[Result "0-1"]
[WhiteElo "1810"]
[BlackElo "2030"]
[PlyCount "48"]
[EventDate "1987.??.??"]

1. d4 c5 2. a3 cxd4 3. Nf3 e5 4. c3 dxc3 5. Nxc3 Nc6 6. e4 Nf6 7. Bc4 Bc5 8.
O-O O-O 9. b4 Bd4 10. Nxd4 exd4 11. Nd5 Nxe4 12. Bd3 Nc3 13. Nxc3 dxc3 14. Qc2
Qh4 15. f4 Qf6 16. Kh1 b5 17. Bxh7+ Kh8 18. Be4 d5 19. Bxd5 Bf5 20. Qe2 g6 21.
Qxb5 Nd4 22. Qa5 Rae8 23. a4 Bd3 24. b5 Nc2 0-1

[Event "Hazel Park (MCO/3/28)"]
[Site "?"]
[Date "1987.??.??"]
[Round "?"]
[White "Levadi, David"]
[Black "Calton, Bill"]
[Result "1-0"]
[WhiteElo "1800"]
[BlackElo "1610"]
[PlyCount "95"]
[EventDate "1987.??.??"]

{3/(28)} 1. a3 e5 2. c4 f5 3. Nc3 Nf6 4. e3 d6 5. b4 Be6 6. Bb2 Nbd7 7. Nf3 Nb6
8. d3 h6 9. Qc2 c6 10. Be2 Qc7 11. O-O Be7 12. Rac1 O-O 13. Na4 Nbd7 14. Rfd1
e4 15. Nd4 exd3 16. Bxd3 Bf7 17. Bxf5 Bh5 18. f3 Rfe8 19. Ne6 Qb8 20. Nf4 Qc7
21. Ng6 Qd8 22. c5 d5 23. e4 Qc7 24. e5 Bxg6 25. Bxg6 Nxe5 26. Bxe8 Rxe8 27.
Re1 Bf8 28. Qc3 Nc4 29. Rxe8 Nxe8 30. Re1 Nxb2 31. Qxb2 Nf6 32. Qe5 Qd8 33. Nb2
b6 34. Qe6+ Kh8 35. Qxc6 bxc5 36. Nd3 cxb4 37. axb4 Qb8 38. b5 Kg8 39. g3 Kh8
40. Kg2 Kg8 41. Nf4 Qd8 42. Rd1 Qe7 43. Qe6+ Qxe6 44. Nxe6 Bd6 45. Ra1 Kf7 46.
Nd8+ Ke7 47. Nc6+ Ke6 48. Rxa7 1-0

[Event "Philadelphia op"]
[Site "Philadelphia"]
[Date "1987.??.??"]
[Round "?"]
[White "Lein, Anatoly"]
[Black "Finegold, Ben"]
[Result "1-0"]
[WhiteElo "2470"]
[BlackElo "2345"]
[PlyCount "73"]
[EventDate "1987.06.??"]

1. e4 e6 2. d4 d5 3. e5 c5 4. c3 Nc6 5. Nf3 Bd7 6. Be2 Qb6 7. O-O cxd4 8. cxd4
Nge7 9. Na3 Nf5 10. Nc2 Nb4 11. Ne3 Nxe3 12. fxe3 Be7 13. a3 Na6 14. Ne1 O-O
15. Nd3 Rac8 16. Bd2 Bb5 17. Bc3 f5 18. Qd2 Bc4 19. g4 Bg5 20. Rf2 fxg4 21.
Bxg4 Rxf2 22. Kxf2 Qc6 23. Kg3 Qe8 24. h4 Bh6 25. Nf4 Bxf4+ 26. exf4 Qf7 27. h5
Rf8 28. Qe3 Re8 29. Qf3 g6 30. Rh1 Nb8 31. hxg6 hxg6 32. Rc1 Nd7 33. Qh1 Qg7
34. Kf2 Bd3 35. Ke3 Bf5 36. Bxf5 gxf5 37. Kf2 1-0

[Event "Allendale (MI Am/3/17)"]
[Site "?"]
[Date "1987.??.??"]
[Round "?"]
[White "Lavelline, J.."]
[Black "Truitt, G.."]
[Result "1/2-1/2"]
[WhiteElo "1605"]
[BlackElo "1605"]
[PlyCount "102"]
[EventDate "1987.??.??"]

{3/(17)} 1. d4 Nf6 2. c4 g6 3. Nc3 Bg7 4. e4 d6 5. f3 O-O 6. Bd3 e5 7. d5 Nbd7
8. Be3 Re8 9. Qd2 Nc5 10. Bxc5 dxc5 11. O-O-O Qe7 12. Nge2 a6 13. Rdg1 h5 14.
h3 Qd6 15. g4 h4 16. f4 exf4 17. Qxf4 Qxf4+ 18. Nxf4 g5 19. Ng2 Bd7 20. Re1 c6
21. Ne3 b5 22. Nf5 cxd5 23. Nxg7 Kxg7 24. exd5 b4 25. Ne4 Nxe4 26. Rxe4 Rxe4
27. Bxe4 Re8 28. Bf5 Bxf5 29. gxf5 f6 30. Kd2 a5 31. Re1 Rxe1 32. Kxe1 Kf7 33.
Kf2 Ke7 34. Ke3 Kd6 35. Ke4 a4 36. b3 a3 37. Kf3 Ke5 38. Ke3 Kxf5 39. Kf3 Ke5
40. Ke3 f5 41. Kf3 Kd6 42. Ke3 Ke5 43. Kf3 f4 44. Kf2 Kf6 45. Kf3 Kf5 46. Kf2
Kg6 47. Kf3 Kf6 48. Kf2 Ke7 49. Kf3 Kd6 50. Kg4 Ke5 51. Kf3 Kf5 1/2-1/2

[Event "Allendale (MI Am/5/13)"]
[Site "?"]
[Date "1987.??.??"]
[Round "?"]
[White "Lavelline, J.."]
[Black "Dannis, C.."]
[Result "1-0"]
[WhiteElo "1605"]
[BlackElo "1605"]
[PlyCount "92"]
[EventDate "1987.??.??"]

{5/(13)} 1. d4 Nf6 2. c4 c5 3. d5 d6 4. Nc3 g6 5. e4 Bg7 6. f3 O-O 7. Bd3 Re8
8. Be3 e6 9. Qd2 Na6 10. Bh6 Nb4 11. Bxg7 Kxg7 12. a3 Nxd3+ 13. Qxd3 Qa5 14.
Ke2 a6 15. Nh3 b5 16. Nf4 bxc4 17. Qxc4 exd5 18. Ncxd5 Be6 19. Nxe6+ fxe6 20.
Nxf6 Kxf6 21. Kd3 Rad8 22. Qc3+ Qxc3+ 23. Kxc3 d5 24. exd5 exd5 25. Rhe1 d4+
26. Kd2 Kf5 27. Kd3 Kf4 28. Rxe8 Rxe8 29. Rc1 Re3+ 30. Kd2 Rb3 31. Rxc5 Rxb2+
32. Kd3 Rxg2 33. Kxd4 Rxh2 34. Rc6 Kxf3 35. Rxa6 Rh4+ 36. Kd3 g5 37. Rf6+ Kg2
38. Ke2 Re4+ 39. Kd2 h5 40. Rf5 Rg4 41. Ke2 Re4+ 42. Kd2 Rg4 43. a4 h4 44. a5
h3 45. a6 Kg1 46. a7 Rg2+ {[Remainder illegible; 1-0, ??]} 1-0

[Event "Allendale (MI Am/1/8)"]
[Site "?"]
[Date "1987.??.??"]
[Round "?"]
[White "Lavelline, J.."]
[Black "Brattin, Vincent"]
[Result "0-1"]
[WhiteElo "1605"]
[BlackElo "1900"]
[PlyCount "130"]
[EventDate "1987.??.??"]

{1/(8)} 1. d4 c6 2. c4 d5 3. e3 Nf6 4. Nc3 g6 5. Nf3 Bg7 6. cxd5 cxd5 7. Bb5+
Bd7 8. Bxd7+ Nbxd7 9. O-O O-O 10. Qb3 Nb6 11. Bd2 e6 12. Rfc1 Rb8 13. Be1 a6
14. Ne2 Nc4 15. Nd2 b5 16. Nxc4 dxc4 17. Qc2 Qb6 18. b3 Rfc8 19. bxc4 Rxc4 20.
Qb2 Rbc8 21. Rxc4 Rxc4 22. Rc1 Qc6 23. Kf1 Nd7 24. Rxc4 Qxc4 25. Qb3 Qc6 26.
Qc3 Qb7 27. Nc1 Nb6 28. Nb3 Nc4 29. Na5 Qc8 30. Nxc4 bxc4 31. Qa5 Bf8 32. Ke2
Qb7 33. Qc3 Qb5 34. a4 Qxa4 35. Qa5 Qb3 36. Qxa6 Qd3+ 37. Kf3 Qd1+ 38. Kg3 h5
39. h3 Qxe1 40. Qxc4 Bd6+ 41. Kf3 Qd1+ 42. Qe2 Qxe2+ 43. Kxe2 f5 44. f3 Kf7 45.
e4 fxe4 46. fxe4 g5 47. Kf3 h4 48. e5 Bb4 49. Ke4 Bd2 50. d5 exd5+ 51. Kxd5 Ke7
52. Ke4 Ke6 53. Kf3 Kxe5 54. g3 hxg3 55. Kxg3 Be1+ 56. Kg4 Bh4 57. Kf3 Kd4 58.
Ke2 Ke4 59. Kf1 Kf3 60. Kg1 Kg3 61. Kh1 Kxh3 62. Kg1 g4 63. Kh1 g3 64. Kg1 Bg5
65. Kh1 g2+ 0-1

[Event "Hazel Park (MCO/5/2)"]
[Site "?"]
[Date "1987.??.??"]
[Round "?"]
[White "Lang, J.."]
[Black "Noren, Kevin"]
[Result "1-0"]
[WhiteElo "2000"]
[BlackElo "2240"]
[PlyCount "173"]
[EventDate "1987.??.??"]

{5/(2)} 1. d4 e6 2. c4 f5 3. g3 Nf6 4. Nc3 Bb4 5. Bg2 Bxc3+ 6. bxc3 O-O 7. Nh3
d6 8. O-O Qe7 9. Rb1 c6 10. Qb3 Nbd7 11. a4 a5 12. Ng5 h6 13. Nh3 Kh7 14. f4
Re8 15. Rf3 c5 16. Nf2 b6 17. Re3 Rb8 18. d5 e5 19. Bh3 g6 20. fxe5 Nxe5 21.
Nd3 Nfd7 22. Qc2 Qf7 23. Nb2 Ba6 24. Qb3 Nf6 25. Bd2 Nfg4 26. Bxg4 Nxg4 27.
Rxe8 Qxe8 28. Qd1 Qe4 29. Bf4 Ne3 30. Bxe3 Qxe3+ 31. Kf1 Qxc3 32. Qd3 Qe5 33.
Nd1 f4 34. g4 Bc8 35. h3 Bd7 36. Qb3 h5 37. Nf2 Kg7 38. Re1 hxg4 39. hxg4 Kf7
40. Kg2 Qe3 41. Qxe3 fxe3 42. Ne4 Ke7 43. g5 Bxa4 44. Kf3 Bb3 45. Rh1 Rf8+ 46.
Kxe3 Rf7 47. Kd3 b5 48. Nd2 Bxc4+ 49. Nxc4 bxc4+ 50. Kxc4 a4 51. e4 Rf4 52.
Rh7+ Ke8 53. Kb5 Rxe4 54. Kc6 c4 55. Kxd6 a3 56. Rh8+ Kf7 57. Ra8 c3 58. Ra7+
Kf8 59. Ra8+ Kf7 60. Ra7+ Kf8 61. Rxa3 Rc4 62. Ra1 c2 63. Rc1 Ke8 64. Ke6 Kd8
65. Kf7 Kd7 66. Kxg6 Kd6 67. Kf5 Kxd5 68. g6 Kd4 69. g7 Rc8 70. Rxc2 Rxc2 71.
g8=Q Rf2+ 72. Ke6 Kd3 73. Ke5 Ke2 74. Ke4 Ke1 75. Qg5 Ke2 76. Qg1 Rf8 77. Qg6
Rf2 78. Qa6+ Kd1 79. Ke3 Rb2 80. Qa4+ Kc1 81. Kd3 Kb1 82. Kc3 Rf2 83. Qd1+ Ka2
84. Qb3+ Ka1 85. Qb6 Rg2 86. Qa7+ Kb1 87. Qb7+ 1-0

[Event "Lansing (MI Op/3/13)"]
[Site "?"]
[Date "1987.??.??"]
[Round "?"]
[White "Lang, J.."]
[Black "Morris, Jason"]
[Result "0-1"]
[WhiteElo "2080"]
[BlackElo "1925"]
[PlyCount "112"]
[EventDate "1987.??.??"]

{3/(13)} 1. d4 Nf6 2. c4 g6 3. Nc3 Bg7 4. e4 d6 5. f3 O-O 6. Be3 a6 7. Qd2 Nc6
8. Nge2 e5 9. d5 Ne7 10. g4 Rb8 11. h4 h5 12. g5 Nh7 13. O-O-O b5 14. c5 b4 15.
Na4 Bd7 16. c6 Nxc6 17. dxc6 Bxc6 18. b3 Qd7 19. Nb2 Rfd8 20. Qc2 Nf8 21. Kb1
Ne6 22. Bh3 Ba8 23. Nc4 Qe7 24. Bxe6 fxe6 25. Rd2 d5 26. Nb2 d4 27. Bf2 Rf8 28.
Qd3 Bc6 29. Bg3 Bb5 30. Nc4 a5 31. f4 exf4 32. Nxf4 Qe8 33. Re1 e5 34. Nd5 c6
35. Nc7 Qe7 36. Nxb5 cxb5 37. Nb2 Rfc8 38. Qe2 Rc3 39. Rd3 Rbc8 40. Red1 Qc7
41. Qf1 Qc6 42. Re1 a4 43. Rxc3 bxc3 44. Nd3 c2+ 45. Kc1 axb3 46. axb3 Qc3 47.
Nb2 Ra8 48. Na4 bxa4 49. Qc4+ Qxc4 50. bxc4 d3 51. Kd2 Rd8 52. Ra1 Bf8 53. Rxa4
Bc5 54. Ra1 Be3+ 55. Kc3 c1=Q+ 56. Rxc1 Bxc1 0-1

[Event "Lansing (MI Op/7/23)"]
[Site "?"]
[Date "1987.??.??"]
[Round "?"]
[White "Lang, J.."]
[Black "Levadi, David"]
[Result "1-0"]
[WhiteElo "2080"]
[BlackElo "1810"]
[PlyCount "77"]
[EventDate "1987.??.??"]

{7/(23)} 1. e4 d5 2. exd5 Nf6 3. d4 Nxd5 4. c4 Nf6 5. Nf3 c5 6. d5 g6 7. Nc3
Bg7 8. Bf4 O-O 9. Qd2 Nbd7 10. O-O-O Qa5 11. h3 Re8 12. g4 b5 13. Nxb5 Qxa2 14.
Bd3 Nb6 15. Nc3 Qa6 16. b3 Bd7 17. Kc2 Nc8 18. Ne5 Nd6 19. Ra1 Qb7 20. Ra3 Red8
21. f3 Nde8 22. g5 Nh5 23. Nxd7 Nxf4 24. Nxc5 Qb4 25. Ra4 Qxc5 26. Qxf4 Bxc3
27. Kxc3 Rac8 28. Qd4 Qxd5 29. Qxd5 Rxd5 30. h4 Rd7 31. b4 Ng7 32. c5 Ne6 33.
Rha1 Nf4 34. Bc4 Rcc7 35. c6 Nd5+ 36. Kb3 Rxc6 37. Rxa7 Rcd6 38. Rxd7 Rxd7 39.
b5 1-0

[Event "Hazel Park (MCO/3/7)"]
[Site "?"]
[Date "1987.??.??"]
[Round "?"]
[White "Lang, J.."]
[Black "Kulbacki, James"]
[Result "1-0"]
[WhiteElo "2000"]
[BlackElo "2130"]
[PlyCount "101"]
[EventDate "1987.??.??"]

{3/(7)} 1. d4 e6 2. Nf3 f5 3. g3 Nf6 4. Bg2 Be7 5. c4 d6 6. Nc3 O-O 7. Ng5 h6
8. Nh3 Qe8 9. Nb5 Na6 10. a3 c6 11. Nc3 e5 12. d5 c5 13. f3 Qg6 14. Qd3 Bd7 15.
e3 Nc7 16. Bd2 Qe8 17. Bf1 Rb8 18. a4 a6 19. b3 b5 20. axb5 axb5 21. Ra7 bxc4
22. bxc4 Qc8 23. Be2 Rb6 24. O-O e4 25. Qc2 Qb8 26. Rfa1 exf3 27. Bxf3 Rb2 28.
Qd3 Ne4 29. Be1 Bf6 30. Nf4 Rb3 31. Nfe2 Re8 32. Bxe4 fxe4 33. Qc2 Rb7 34. R7a3
Bg4 35. R1a2 Bf3 36. Nf4 g5 37. Nh3 Qc8 38. Nf2 Qf5 39. Nb1 Re7 40. Ba5 Ne8 41.
Nd2 g4 42. Bd8 Re5 43. Ra8 Rf7 44. Nb3 h5 45. Na5 Qg6 46. Nc6 Rg5 47. Bxf6 Qxf6
48. Rxe8+ Kg7 49. Raa8 Rg6 50. Nd8 Bd1 51. Ne6+ 1-0

[Event "Hazel Park (MCO/1/20)"]
[Site "?"]
[Date "1987.??.??"]
[Round "?"]
[White "Lang, J.."]
[Black "Hawley, T.."]
[Result "1-0"]
[WhiteElo "2000"]
[BlackElo "1605"]
[PlyCount "47"]
[EventDate "1987.??.??"]

{1/(20)} 1. d4 Nf6 2. c4 e5 3. dxe5 Ng4 4. e4 Nxe5 5. f4 Ng6 6. Nf3 Bb4+ 7. Nc3
Bxc3+ 8. bxc3 d6 9. f5 Nh4 10. Ng5 O-O 11. Qh5 h6 12. Qxh4 Re8 13. Be2 hxg5 14.
Bxg5 f6 15. Be3 Bxf5 16. exf5 Rxe3 17. Kd2 Re5 18. Rab1 d5 19. Rhe1 Re4 20. Qh5
Nc6 21. Rbd1 Qd6 22. Bf3 Qf4+ 23. Kc2 Rxe1 24. Bxd5+ 1-0

[Event "Lansing (MI Op/1b/13)"]
[Site "?"]
[Date "1987.??.??"]
[Round "?"]
[White "Lang, J.."]
[Black "Handelsman, B.."]
[Result "1-0"]
[WhiteElo "2080"]
[BlackElo "1905"]
[PlyCount "51"]
[EventDate "1987.??.??"]

1. d4 Nf6 2. c4 e6 3. Nc3 Bb4 4. e3 O-O 5. Bd3 d5 6. Nge2 b6 7. Qb3 dxc4 8.
Bxc4 Bxc3+ 9. Qxc3 Bb7 10. f3 Nbd7 11. b4 Rc8 12. Bb2 Nd5 13. Bxd5 exd5 14. O-O
Nf6 15. Ng3 c5 16. dxc5 Qc7 17. Nf5 bxc5 18. Rac1 d4 19. exd4 Nd5 20. Qd2 c4
21. Rfe1 Qd7 22. Qg5 f6 23. Qg4 Kh8 24. Re7 Qxe7 25. Nxe7 Nxe7 26. Qd7 1-0

[Event "Lansing (MI Op/5/11)"]
[Site "?"]
[Date "1987.??.??"]
[Round "?"]
[White "Lang, J.."]
[Black "Beaver, Andrew"]
[Result "0-1"]
[WhiteElo "2080"]
[BlackElo "2125"]
[PlyCount "140"]
[EventDate "1987.??.??"]

{5/(11)} 1. e4 e5 2. Nf3 Nf6 3. d3 Nc6 4. Bg5 h6 5. Bh4 Be7 6. Nc3 d6 7. h3 O-O
8. g4 Be6 9. g5 Nh7 10. Qd2 Nxg5 11. Bxg5 Bxg5 12. Nxg5 Qxg5 13. Qxg5 hxg5 14.
Bg2 Nd4 15. Kd2 c6 16. Nd1 Bd7 17. Ne3 g6 18. Nc4 Kg7 19. Nxd6 b6 20. Nc4 f6
21. b3 Rh8 22. Rag1 Rh4 23. c3 Ne6 24. Bf3 Nf4 25. Bg4 Bxg4 26. hxg4 Rah8 27.
Rxh4 gxh4 28. d4 Nh3 29. Rg2 Ng5 30. Ke3 Re8 31. f3 h3 32. Rh2 Kh6 33. dxe5
fxe5 34. a4 Re6 35. Nd2 Rd6 36. b4 b5 37. a5 a6 38. Ke2 Rd8 39. Nb3 Rf8 40. Rf2
Ne6 41. Ke3 Kg5 42. Rh2 Kh4 43. Nd2 Nf4 44. Nf1 Ng2+ 45. Kf2 Rd8 46. Ke2 Rd7
47. Rh1 Nf4+ 48. Kf2 Rd3 49. c4 Rb3 50. cxb5 Rb2+ 51. Ke1 cxb5 52. g5 Kxg5 53.
Rh2 Rb1+ 54. Kf2 Rxb4 55. Kg3 Rb1 56. Ne3 Re1 57. Ng4 Rg1+ 58. Kf2 Ra1 59. Ke3
Ra3+ 60. Kf2 Rxa5 61. Nxe5 Ra2+ 62. Kg3 Rg2+ 63. Rxg2 hxg2 64. Kf2 Kh4 65. Ng4
Kh3 66. e5 b4 67. Ne3 Nd3+ 68. Kg1 Nxe5 69. Nxg2 b3 70. f4 b2 0-1

[Event "Hazel Park (MCO/2/16)"]
[Site "?"]
[Date "1987.??.??"]
[Round "?"]
[White "Lang, Brad"]
[Black "Robison, B.."]
[Result "0-1"]
[WhiteElo "1755"]
[BlackElo "2020"]
[PlyCount "174"]
[EventDate "1987.??.??"]

{2/(16)} 1. c4 Nf6 2. Nc3 g6 3. g3 Bg7 4. Bg2 O-O 5. d3 d6 6. Nf3 Bg4 7. O-O
Qc8 8. Bd2 Bh3 9. Rb1 Bxg2 10. Kxg2 a5 11. Re1 Nc6 12. Qc1 Re8 13. Bh6 Bh8 14.
h3 e5 15. a3 Ne7 16. e4 Nd7 17. Nh4 Nc5 18. Qd1 a4 19. Rf1 f6 20. Be3 Qd7 21.
Kh2 Bg7 22. Ng2 f5 23. f3 Nb3 24. Bg5 Nd4 25. Ne3 Nec6 26. Ned5 Rf8 27. f4 h6
28. Bh4 exf4 29. gxf4 Nd8 30. Rg1 Kh7 31. Ne7 fxe4 32. Nxg6 Nf3+ 33. Kg2 Nxh4+
34. Nxh4 Bd4 35. Rf1 Rg8+ 36. Kh2 Qg7 37. Nxe4 Ne6 38. Qd2 Nc5 39. Nf5 Qh8 40.
Neg3 Qf6 41. Nxd4 Qxd4 42. Rf3 Raf8 43. Re1 Rf7 44. f5 Rg5 45. Qc3 Nb3 46. f6
Re5 47. Rxe5 dxe5 48. Qxd4 Nxd4 49. Rf2 Kg6 50. Ne4 Ne6 51. Kg3 Rd7 52. Rf3 b6
53. Kf2 Nf4 54. Rg3+ Kh7 55. Nc3 Nxd3+ 56. Ke2 Nxb2 57. Nd5 Rf7 58. Rc3 c6 59.
Ne3 Rxf6 60. Rc2 Nxc4 61. Nxc4 Rg6 62. Kf3 e4+ 63. Kf2 Rf6+ 64. Kg2 Rf3 65.
Nxb6 Rxa3 66. Rxc6 Ra2+ 67. Kf1 a3 68. Nc4 Ra1+ 69. Ke2 a2 70. Ra6 Rh1 71. Nd2
a1=Q 72. Rxa1 Rxa1 73. Nxe4 Ra3 74. Nf2 Kg6 75. Kf1 Rg3 76. Ke2 Kh5 77. Kf1 Kh4
78. Ke2 Ra3 79. Ng4 h5 80. Nf2 Kg3 81. Ne4+ Kxh3 82. Kf2 Kg4 83. Nf6+ Kg5 84.
Ne4+ Kf4 85. Nf6 h4 86. Kg2 Rd3 87. Ne8 Kf5 0-1

[Event "Hazel Park (MCO/5/29)"]
[Site "?"]
[Date "1987.??.??"]
[Round "?"]
[White "Lang, Brad"]
[Black "Calton, Bill"]
[Result "1-0"]
[WhiteElo "1755"]
[BlackElo "1610"]
[PlyCount "119"]
[EventDate "1987.??.??"]

{5/(29)} 1. c4 Nf6 2. Nc3 g6 3. g3 d6 4. Bg2 Bg7 5. Nf3 c5 6. d4 Bd7 7. dxc5
dxc5 8. Ne5 Qc8 9. Nxd7 Nbxd7 10. Qb3 Nb6 11. Bf4 Nh5 12. Be3 O-O 13. O-O Bd4
14. Bh6 Rd8 15. Rad1 Qe6 16. Bc1 Rab8 17. e3 Bxc3 18. Qxc3 Qxc4 19. Qxc4 Nxc4
20. Rxd8+ Rxd8 21. Bxb7 Rb8 22. Bf3 Nxb2 23. Bd2 Nc4 24. Bc3 Nb6 25. Rd1 Nf6
26. Be5 Rc8 27. Bb7 Re8 28. Bc7 Na8 29. Bd8 Nb6 30. Bc6 Kf8 31. Bxe8 Kxe8 32.
Bc7 Nfd7 33. Kf1 f6 34. g4 Kf7 35. Bxb6 Nxb6 36. Ke2 Ke6 37. Rd3 Ke5 38. f3 Nd5
39. Ra3 c4 40. Rxa7 Kd6 41. e4 Nf4+ 42. Kd2 Nd3 43. Ra5 Ne5 44. Rd5+ Kc6 45.
Ke2 Nd3 46. Rxd3 cxd3+ 47. Kxd3 Kc5 48. f4 Kb4 49. Kd4 Ka3 50. Kd5 Kxa2 51. Ke6
Kb3 52. Kxe7 Kc4 53. Kxf6 Kd4 54. e5 Ke4 55. e6 Kxf4 56. e7 Kxg4 57. e8=Q g5
58. Qe3 h6 59. Qg3+ Kh5 60. Qh3# 1-0

[Event "Allendale (MI Am/4/13)"]
[Site "?"]
[Date "1987.??.??"]
[Round "?"]
[White "Lahr, Fred"]
[Black "Serwatowski, Felix"]
[Result "1-0"]
[WhiteElo "1605"]
[BlackElo "1605"]
[PlyCount "101"]
[EventDate "1987.??.??"]

{4/(13)} 1. d4 d5 2. c4 e6 3. g3 Nf6 4. Bg2 Nbd7 5. Nf3 c5 6. O-O Be7 7. Nc3
cxd4 8. Nxd4 Nb6 9. cxd5 Nbxd5 10. Nxd5 exd5 11. Bf4 a6 12. Rc1 O-O 13. Qc2 Bd6
14. Bxd6 Qxd6 15. Qc7 Qb4 16. Qc3 Qe7 17. Qc5 Qe5 18. Rc2 Bd7 19. Nf3 Qh5 20.
Qb6 Bc6 21. Rfc1 Nd7 22. Qb4 Rac8 23. Nd4 Nb8 24. Nxc6 bxc6 25. Qd4 Rfd8 26.
Bf3 Qg5 27. h4 Qf5 28. Bg4 Qg6 29. Bxc8 Rxc8 30. Qe5 Nd7 31. Qd4 Qe6 32. e3 Ne5
33. Kg2 f5 34. f4 Ng4 35. Kf3 Nf6 36. Qe5 Qd7 37. Rd1 Re8 38. Qc3 Rc8 39. Qd3
Qb7 40. Qb3 Qe7 41. Qa4 Ng4 42. Qd4 Nf6 43. Qa4 Qb7 44. Qa3 Ne4 45. Rd3 Qb5 46.
Qb3 Qa5 47. Qb7 Rc7 48. Qb8+ Kf7 49. b4 Qa4 50. Qxc7+ Kg6 51. Qxc6+ 1-0

[Event "Hazel Park (MCO/4/12)"]
[Site "?"]
[Date "1987.??.??"]
[Round "?"]
[White "Lahr, Fred"]
[Black "Mellen, Steve"]
[Result "1-0"]
[WhiteElo "1790"]
[BlackElo "2055"]
[PlyCount "63"]
[EventDate "1987.??.??"]

{4/(12)} 1. Nf3 Nf6 2. d4 g6 3. g3 Bg7 4. Bg2 d6 5. c4 O-O 6. Nc3 Nbd7 7. h3 e5
8. e4 Re8 9. d5 a5 10. a4 Nc5 11. Qc2 Na6 12. Be3 Nb4 13. Qd2 Nd7 14. g4 Qe7
15. O-O Nf6 16. Ne1 h5 17. g5 Nd7 18. Rd1 Rb8 19. f3 Nf8 20. Nb5 Nh7 21. Qc1
Qd8 22. Nd3 Nxd3 23. Rxd3 Bf8 24. Qd2 b6 25. b4 Be7 26. f4 exf4 27. Bd4 f5 28.
Qxf4 Bd7 29. Nc3 Rf8 30. e5 Qe8 31. Re3 dxe5 32. Qxe5 1-0

[Event "Hazel Park (MCO/6/24)"]
[Site "?"]
[Date "1987.??.??"]
[Round "?"]
[White "Lahr, Fred"]
[Black "Lang, Brad"]
[Result "0-1"]
[WhiteElo "1790"]
[BlackElo "1755"]
[PlyCount "72"]
[EventDate "1987.??.??"]

{6/(24)} 1. Nf3 d5 2. d4 Nf6 3. g3 g6 4. Bg2 Bg7 5. O-O O-O 6. h3 Nbd7 7. b3 c5
8. e3 b6 9. c4 Ba6 10. Nfd2 Rb8 11. Re1 dxc4 12. Nxc4 Bb7 13. Bb2 Bxg2 14. Kxg2
cxd4 15. exd4 Nd5 16. Qe2 N7f6 17. Ne5 Rc8 18. Na3 Rc7 19. Nb5 Qa8 20. Kg1 Rcc8
21. Rac1 a6 22. Nc3 Bh6 23. Rc2 Nb4 24. Nc4 Nxc2 25. Nxb6 Nxd4 26. Qxe7 Nf3+
27. Kf1 Qc6 28. Nxc8 Rxc8 29. Rd1 Nd2+ 30. Kg1 Re8 31. Qb4 Nf3+ 32. Kf1 Bd2 33.
Qa4 Qa8 34. Nb1 Nh4 35. Qxe8+ Nxe8 36. gxh4 Ba5 0-1

[Event "Allendale (MI Am/2/15)"]
[Site "?"]
[Date "1987.??.??"]
[Round "?"]
[White "Lahr, Fred"]
[Black "Brizel, R.."]
[Result "1-0"]
[WhiteElo "1605"]
[BlackElo "1605"]
[PlyCount "95"]
[EventDate "1987.??.??"]

{2/(15)} 1. d4 b6 2. c4 d5 3. Nf3 Nc6 4. g3 e6 5. Bg2 Be7 6. O-O Nf6 7. Qa4 Bd7
8. Qd1 O-O 9. Nc3 Na5 10. cxd5 exd5 11. Ne5 Bc8 12. Bg5 h6 13. Bxf6 Bxf6 14.
Bxd5 Rb8 15. Nf3 Bb7 16. Bxb7 Nxb7 17. e3 Re8 18. Rc1 Nd6 19. Nd5 Rc8 20. Nxf6+
Qxf6 21. Ne5 Qe6 22. b3 Ne4 23. Qg4 f5 24. Qg6 Nd2 25. Qxe6+ Rxe6 26. Rfd1 Ne4
27. Rc6 Rxc6 28. Nxc6 Ra8 29. Ne7+ Kh7 30. Rc1 c5 31. dxc5 bxc5 32. Nxf5 Rf8
33. f3 Rxf5 34. fxe4 Re5 35. Rc4 h5 36. Kf2 Kg6 37. Ra4 Re7 38. Ra6+ Kg5 39.
Rc6 Rxe4 40. Rxc5+ Kg4 41. Rc4 Rxc4 42. bxc4 Kh3 43. c5 g5 44. Kg1 a5 45. c6 a4
46. c7 g4 47. c8=Q h4 48. Qh8 1-0

[Event "Lansing (MI Op/2/31)"]
[Site "?"]
[Date "1987.??.??"]
[Round "?"]
[White "LaForge, Tom"]
[Black "Haakonstad, Olaf"]
[Result "1-0"]
[WhiteElo "1935"]
[BlackElo "1805"]
[PlyCount "91"]
[EventDate "1987.??.??"]

{2/(31)} 1. e4 e5 2. Nf3 Nc6 3. Bc4 Nf6 4. Nc3 Bb4 5. O-O O-O 6. d3 d6 7. Bg5
Bxc3 8. bxc3 h6 9. Bh4 Na5 10. Nd2 Bg4 11. Bxf6 Bxd1 12. Bxd8 Nxc4 13. dxc4
Bxc2 14. Bxc7 Bd3 15. Rfe1 Rac8 16. Bxd6 Rfe8 17. c5 Rc6 18. Nb3 b6 19. Rad1
Bc2 20. Rd5 f6 21. cxb6 axb6 22. Bb4 Ra8 23. Nc1 Rc4 24. f3 Ba4 25. Rd6 Bc6 26.
Red1 Kf7 27. Rd8 Ra7 28. Rc8 Ba4 29. Rf8+ Kg6 30. Rd6 b5 31. a3 Rcc7 32. Ne2
Rd7 33. Rd8 Rdc7 34. Ng3 Bb3 35. Nf5 Kg5 36. Kf2 Kg6 37. Rf8 Kg5 38. h4+ Kg6
39. Nxg7 Kxg7 40. Rfxf6 h5 41. Rg6+ Kf7 42. Rdf6+ Ke8 43. Rf8+ Kd7 44. Rd6+ Ke7
45. Rh6+ Kd7 46. Rxh5 1-0